[Event "Deutsche Ländermeisterschaft 2014"]
[Site "Hannover GER"]
[Date "2014.10.03"]
[Round "1"]
[White "Urban, Konstantin"]
[Black "Klek, Hanna Marie"]
[Result "1/2-1/2"]
[Termination "normal"]
[Board "3.3"]
[WhiteElo "1991"]
[BlackElo "2225"]
[WhiteClock "00:27:57"]
[BlackClock "01:31:29"]
[WhiteTeam "Sachsen"]
[BlackTeam "Bayern"]
[PlyCount "87"]
[WhiteFideId "12927511"]
[BlackFideId "24670057"]
[EventCountry "GER"]
[EventRounds "7"]
[EventType "team-swiss"]
[EventDate "2014.10.02"]

1. e4 {[%clk 1:30:58]} e5 {[%clk 1:30:56]} 2. Nf3 {[%clk 1:31:22]} Nc6 {[%clk
1:31:23]} 3. Bb5 {[%clk 1:31:46]} a6 {[%clk 1:31:48]} 4. Bxc6 {[%clk 1:32:11]}
dxc6 {[%clk 1:32:16]} 5. O-O {[%clk 1:32:32]} f6 {[%clk 1:32:43]} 6. d4 {[%clk
1:32:55]} Bg4 {[%clk 1:33:08]} 7. c3 {[%clk 1:33:13]} Qd7 {[%clk 1:32:58]} 8.
h3 {[%clk 1:32:47]} Bh5 {[%clk 1:33:19]} 9. Nxe5 {[%clk 1:22:50]} Qxh3 {[%clk
1:33:24]} 10. gxh3 {[%clk 1:17:32]} Bxd1 {[%clk 1:33:48]} 11. Rxd1 {[%clk
1:17:17]} fxe5 {[%clk 1:34:13]} 12. dxe5 {[%clk 1:17:28]} Ne7 {[%clk 1:33:59]}
13. Bf4 {[%clk 0:59:16]} g5 {[%clk 1:32:40]} 14. Bg3 {[%clk 0:58:47]} Ng6
{[%clk 1:32:23]} 15. Nd2 {[%clk 0:56:01]} O-O-O {[%clk 1:28:19]} 16. Nf3 {[%clk
0:53:41]} Be7 {[%clk 1:26:54]} 17. Nd4 {[%clk 0:49:13]} Rde8 {[%clk 1:26:34]}
18. Rd2 {[%clk 0:43:05]} Bd8 {[%clk 1:24:27]} 19. Nf3 {[%clk 0:33:21]} h5
{[%clk 1:21:45]} 20. Rad1 {[%clk 0:29:39]} g4 {[%clk 1:19:15]} 21. hxg4 {[%clk
0:29:33]} hxg4 {[%clk 1:19:39]} 22. Nh2 {[%clk 0:29:22]} Bg5 {[%clk 1:19:46]}
23. Re2 {[%clk 0:27:06]} Bf4 {[%clk 1:12:28]} 24. Nxg4 {[%clk 0:17:36]} Bxg3
{[%clk 1:12:49]} 25. fxg3 {[%clk 0:18:01]} Nxe5 {[%clk 1:12:31]} 26. Nxe5
{[%clk 0:18:13]} Rxe5 {[%clk 1:13:25]} 27. Kg2 {[%clk 0:17:17]} Rhe8 {[%clk
1:12:30]} 28. Rde1 {[%clk 0:16:47]} Kd7 {[%clk 1:11:44]} 29. Kf3 {[%clk
0:15:08]} Rf8+ {[%clk 1:10:25]} 30. Kg2 {[%clk 0:15:34]} Rfe8 {[%clk 1:09:58]}
31. Kf3 {[%clk 0:15:44]} Rf8+ {[%clk 1:10:22]} 32. Ke3 {[%clk 0:11:13]} Rg5
{[%clk 1:09:59]} 33. Rg1 {[%clk 0:10:51]} Rg4 {[%clk 1:10:11]} 34. a3 {[%clk
0:07:45]} c5 {[%clk 1:08:45]} 35. Rgg2 {[%clk 0:07:18]} Ke6 {[%clk 1:04:50]}
36. Ref2 {[%clk 0:06:19]} Rxf2 {[%clk 1:04:47]} 37. Kxf2 {[%clk 0:06:11]} Rxe4
{[%clk 1:05:10]} 38. Kf3 {[%clk 0:06:37]} Ra4 {[%clk 1:02:49]} 39. g4 {[%clk
0:04:06]} b5 {[%clk 1:02:35]} 40. Ke3 {[%clk 0:03:59]} b4 {[%clk 1:00:48]} 41.
axb4 {[%clk 0:03:26]} cxb4 {[%clk 1:01:11]} 42. cxb4 {[%clk 0:01:09]} Rxb4
{[%clk 1:01:16]} 43. g5 {[%clk 0:30:06]} Kf7 {[%clk 1:31:29]} 44. Rc2 {[%clk
0:27:57]} 1/2-1/2

[Event "Deutsche Ländermeisterschaft 2014"]
[Site "Hannover GER"]
[Date "2014.10.03"]
[Round "1"]
[White "Bilchinski, Anton"]
[Black "Zienert, Richard"]
[Result "1-0"]
[Termination "normal"]
[Board "3.4"]
[WhiteElo "2002"]
[BlackElo "1996"]
[WhiteClock "00:40:09"]
[BlackClock "00:08:22"]
[WhiteTeam "Bayern"]
[BlackTeam "Sachsen"]
[PlyCount "55"]
[WhiteFideId "24615765"]
[BlackFideId "12945986"]
[EventCountry "GER"]
[EventRounds "7"]
[EventType "team-swiss"]
[EventDate "2014.10.02"]

1. d4 {[%clk 1:30:55]} Nf6 {[%clk 1:30:54]} 2. c4 {[%clk 1:31:20]} e6 {[%clk
1:31:19]} 3. Nc3 {[%clk 1:31:45]} d5 {[%clk 1:31:32]} 4. cxd5 {[%clk 1:32:09]}
exd5 {[%clk 1:31:21]} 5. Bg5 {[%clk 1:32:30]} Be7 {[%clk 1:30:36]} 6. Qc2
{[%clk 1:32:37]} Nc6 {[%clk 1:23:35]} 7. e3 {[%clk 1:26:09]} O-O {[%clk
1:18:45]} 8. a3 {[%clk 1:24:08]} Re8 {[%clk 1:15:23]} 9. Nf3 {[%clk 1:18:30]}
h6 {[%clk 1:04:16]} 10. Bh4 {[%clk 1:16:47]} Bg4 {[%clk 0:59:57]} 11. Bb5
{[%clk 1:10:34]} Nh7 {[%clk 0:39:29]} 12. Bxe7 {[%clk 1:09:34]} Rxe7 {[%clk
0:39:53]} 13. Bxc6 Bxf3 {[%clk 0:40:19]} 14. gxf3 {[%clk 1:09:45]} bxc6 {[%clk
0:40:42]} 15. O-O-O {[%clk 1:08:01]} Rb8 {[%clk 0:38:11]} 16. Rhg1 {[%clk
1:02:47]} Nf6 {[%clk 0:34:09]} 17. e4 {[%clk 0:53:00]} Qf8 {[%clk 0:27:25]} 18.
Rg2 {[%clk 0:48:59]} Rd7 {[%clk 0:23:16]} 19. e5 {[%clk 0:48:14]} Ne8 {[%clk
0:20:58]} 20. Na4 {[%clk 0:47:29]} Rdd8 {[%clk 0:20:38]} 21. Rdg1 {[%clk
0:43:32]} f6 {[%clk 0:17:11]} 22. Nc5 {[%clk 0:42:18]} Qe7 {[%clk 0:15:05]} 23.
f4 {[%clk 0:41:39]} Rb5 {[%clk 0:15:00]} 24. Qf5 {[%clk 0:40:40]} Rxc5+ {[%clk
0:11:01]} 25. dxc5 {[%clk 0:40:33]} Qxc5+ {[%clk 0:11:27]} 26. Kb1 {[%clk
0:39:54]} fxe5 {[%clk 0:08:05]} 27. Qe6+ {[%clk 0:40:09]} Kh8 {[%clk 0:08:22]}
28. Rxg7 1-0

[Event "Deutsche Ländermeisterschaft 2014"]
[Site "Hannover GER"]
[Date "2014.10.03"]
[Round "1"]
[White "Moses, Selina"]
[Black "Oberhofer, Cédric"]
[Result "0-1"]
[Termination "normal"]
[Board "3.5"]
[WhiteElo "1908"]
[BlackElo "2041"]
[WhiteClock "00:26:45"]
[BlackClock "00:05:17"]
[WhiteTeam "Sachsen"]
[BlackTeam "Bayern"]
[PlyCount "54"]
[WhiteFideId "12908070"]
[BlackFideId "12941220"]
[EventCountry "GER"]
[EventRounds "7"]
[EventType "team-swiss"]
[EventDate "2014.10.02"]

1. e4 {[%clk 1:30:57]} c5 {[%clk 1:30:54]} 2. Nf3 {[%clk 1:31:23]} d6 {[%clk
1:31:18]} 3. d4 {[%clk 1:31:48]} cxd4 {[%clk 1:31:43]} 4. Nxd4 {[%clk 1:32:14]}
Nf6 {[%clk 1:32:03]} 5. Nc3 {[%clk 1:32:39]} a6 {[%clk 1:32:27]} 6. Bg5 {[%clk
1:32:58]} e6 {[%clk 1:31:20]} 7. f4 {[%clk 1:33:19]} Nbd7 {[%clk 1:30:59]} 8.
Qf3 {[%clk 1:33:20]} Qc7 {[%clk 1:30:49]} 9. O-O-O {[%clk 1:33:29]} Be7 {[%clk
1:30:39]} 10. Bd3 {[%clk 1:33:40]} b5 {[%clk 1:29:25]} 11. Rhe1 {[%clk
1:33:25]} Bb7 {[%clk 1:28:18]} 12. Qg3 {[%clk 1:24:56]} b4 {[%clk 1:11:40]} 13.
Nd5 {[%clk 1:22:14]} Bxd5 {[%clk 0:55:18]} 14. exd5 {[%clk 1:22:36]} Nxd5
{[%clk 0:47:57]} 15. Bxe7 {[%clk 1:15:44]} Nxe7 {[%clk 0:47:15]} 16. Qxg7
{[%clk 1:13:25]} Rg8 {[%clk 0:43:26]} 17. Qh6 {[%clk 1:12:20]} Nc5 {[%clk
0:38:35]} 18. Bxh7 {[%clk 1:06:00]} Rf8 {[%clk 0:37:03]} 19. f5 {[%clk
1:02:20]} e5 {[%clk 0:32:56]} 20. f6 {[%clk 1:02:43]} Nc6 {[%clk 0:33:02]} 21.
Nf5 {[%clk 1:03:01]} O-O-O {[%clk 0:20:29]} 22. Nxd6+ {[%clk 0:59:06]} Kb8
{[%clk 0:20:49]} 23. Nc4 {[%clk 0:52:15]} Rfe8 {[%clk 0:15:33]} 24. Qe3 {[%clk
0:34:54]} Rd4 {[%clk 0:07:59]} 25. Rxd4 {[%clk 0:32:14]} Nxd4 {[%clk 0:08:16]}
26. Nxe5 {[%clk 0:27:23]} Nxc2 {[%clk 0:05:09]} 27. Bxc2 {[%clk 0:26:45]} Rxe5
{[%clk 0:05:17]} 0-1

[Event "Deutsche Ländermeisterschaft 2014"]
[Site "Hannover GER"]
[Date "2014.10.03"]
[Round "1"]
[White "Schneider, Jana"]
[Black "Preißler, Niklas"]
[Result "1-0"]
[Termination "normal"]
[Board "3.6"]
[WhiteElo "1803"]
[BlackElo "1795"]
[WhiteClock "00:02:30"]
[BlackClock "00:06:41"]
[WhiteTeam "Bayern"]
[BlackTeam "Sachsen"]
[PlyCount "83"]
[WhiteFideId "12924997"]
[BlackFideId "12927554"]
[EventCountry "GER"]
[EventRounds "7"]
[EventType "team-swiss"]
[EventDate "2014.10.02"]

1. e4 {[%clk 1:30:57]} c5 {[%clk 1:30:54]} 2. d3 {[%clk 1:31:14]} Nc6 {[%clk
1:30:48]} 3. f4 {[%clk 1:31:26]} g6 {[%clk 1:30:34]} 4. Nf3 {[%clk 1:31:39]}
Bg7 {[%clk 1:30:35]} 5. Be2 {[%clk 1:31:46]} d6 {[%clk 1:27:54]} 6. O-O {[%clk
1:31:47]} e6 {[%clk 1:27:58]} 7. c3 {[%clk 1:31:26]} Nge7 {[%clk 1:27:03]} 8.
Qe1 {[%clk 1:29:37]} O-O {[%clk 1:25:36]} 9. Qh4 {[%clk 1:29:03]} f5 {[%clk
1:17:03]} 10. Be3 {[%clk 1:26:02]} b6 {[%clk 1:08:48]} 11. Nbd2 {[%clk
1:22:53]} a6 {[%clk 0:54:40]} 12. Rad1 {[%clk 0:52:59]} Qc7 {[%clk 0:50:35]}
13. Ng5 {[%clk 0:33:42]} h6 {[%clk 0:49:27]} 14. Ngf3 {[%clk 0:33:05]} Rd8
{[%clk 0:38:22]} 15. Qg3 {[%clk 0:26:33]} Bd7 {[%clk 0:34:25]} 16. exf5 {[%clk
0:22:27]} Nxf5 {[%clk 0:31:37]} 17. Qf2 {[%clk 0:22:31]} Nce7 {[%clk 0:30:41]}
18. Nb3 {[%clk 0:11:07]} Nxe3 {[%clk 0:30:23]} 19. Qxe3 Nf5 {[%clk 0:29:42]}
20. Qf2 {[%clk 0:11:37]} d5 {[%clk 0:25:04]} 21. Nh4 {[%clk 0:10:59]} Nxh4
{[%clk 0:22:45]} 22. Qxh4 {[%clk 0:11:17]} Be8 {[%clk 0:21:46]} 23. Bg4 {[%clk
0:10:38]} Bf7 {[%clk 0:21:45]} 24. Rde1 {[%clk 0:09:52]} Re8 {[%clk 0:21:41]}
25. Kh1 {[%clk 0:09:19]} Qe7 {[%clk 0:20:10]} 26. Qg3 {[%clk 0:08:39]} Qd6
{[%clk 0:19:58]} 27. d4 {[%clk 0:07:58]} cxd4 {[%clk 0:18:52]} 28. Nxd4 {[%clk
0:07:30]} Bxd4 {[%clk 0:19:02]} 29. cxd4 {[%clk 0:07:53]} Kh7 {[%clk 0:18:21]}
30. a3 {[%clk 0:05:27]} Rac8 {[%clk 0:17:52]} 31. Re5 {[%clk 0:04:57]} Qc6
{[%clk 0:16:57]} 32. Qh4 {[%clk 0:04:34]} Rc7 {[%clk 0:15:27]} 33. Re3 {[%clk
0:02:58]} Qc4 {[%clk 0:11:03]} 34. Rd1 {[%clk 0:02:30]} b5 {[%clk 0:10:22]} 35.
Rc3 {[%clk 0:02:34]} Qxc3 {[%clk 0:08:26]} 36. bxc3 {[%clk 0:02:58]} Rxc3
{[%clk 0:08:46]} 37. Qf6 {[%clk 0:02:49]} Kg8 {[%clk 0:08:52]} 38. Re1 {[%clk
0:02:09]} Rxa3 {[%clk 0:08:57]} 39. h4 {[%clk 0:02:22]} Ra4 {[%clk 0:08:21]}
40. Re3 {[%clk 0:02:02]} Rc4 {[%clk 0:06:40]} 41. h5 {[%clk 0:02:10]} gxh5
{[%clk 0:06:41]} 42. Bxh5 {[%clk 0:02:30]} 1-0

[Event "Deutsche Ländermeisterschaft 2014"]
[Site "Hannover GER"]
[Date "2014.10.03"]
[Round "1"]
[White "Bui, Ngoc Han Julia"]
[Black "Alsheimer, Lea"]
[Result "1-0"]
[Termination "normal"]
[Board "3.7"]
[WhiteElo "1492"]
[BlackElo "1614"]
[WhiteClock "00:04:14"]
[BlackClock "00:07:50"]
[WhiteTeam "Sachsen"]
[BlackTeam "Bayern"]
[PlyCount "65"]
[WhiteFideId "12977055"]
[BlackFideId "12918180"]
[EventCountry "GER"]
[EventRounds "7"]
[EventType "team-swiss"]
[EventDate "2014.10.02"]

1. e4 {[%clk 1:30:57]} e6 {[%clk 1:30:23]} 2. d4 {[%clk 1:31:16]} d5 {[%clk
1:30:40]} 3. Nd2 {[%clk 1:31:30]} Nf6 {[%clk 1:31:01]} 4. e5 {[%clk 1:30:49]}
Nfd7 {[%clk 1:31:01]} 5. Bd3 {[%clk 1:30:05]} c5 {[%clk 1:31:05]} 6. c3 {[%clk
1:30:17]} b5 {[%clk 1:31:14]} 7. Ne2 {[%clk 1:10:54]} c4 {[%clk 1:30:59]} 8.
Bc2 {[%clk 1:08:53]} Nc6 {[%clk 1:29:19]} 9. O-O {[%clk 1:03:38]} Be7 {[%clk
1:27:07]} 10. f4 {[%clk 1:01:43]} a5 {[%clk 1:24:16]} 11. Ng3 {[%clk 0:46:18]}
Bh4 {[%clk 1:22:54]} 12. Qf3 {[%clk 0:43:51]} Bxg3 {[%clk 1:19:08]} 13. hxg3
{[%clk 0:43:15]} h5 {[%clk 1:15:21]} 14. f5 {[%clk 0:42:47]} Nf8 {[%clk
1:13:38]} 15. g4 {[%clk 0:37:42]} Qh4 {[%clk 0:43:56]} 16. g5 {[%clk 0:32:22]}
Nxd4 {[%clk 0:42:50]} 17. cxd4 {[%clk 0:29:50]} Qxd4+ {[%clk 0:43:12]} 18. Rf2
{[%clk 0:27:12]} Qxe5 {[%clk 0:41:07]} 19. fxe6 {[%clk 0:24:56]} Bxe6 {[%clk
0:37:37]} 20. Re2 {[%clk 0:17:19]} Qd4+ {[%clk 0:37:40]} 21. Kf1 {[%clk
0:13:58]} Kd8 {[%clk 0:35:10]} 22. Bf5 {[%clk 0:08:32]} Bxf5 {[%clk 0:28:57]}
23. Qxf5 {[%clk 0:08:47]} Ne6 {[%clk 0:29:16]} 24. Nf3 {[%clk 0:06:26]} Qa7
{[%clk 0:18:58]} 25. Qxd5+ {[%clk 0:04:52]} Ke7 {[%clk 0:11:43]} 26. g6 {[%clk
0:04:30]} Qa6 {[%clk 0:10:28]} 27. gxf7 {[%clk 0:04:24]} Kxf7 {[%clk 0:09:14]}
28. Ng5+ {[%clk 0:04:39]} Kg8 {[%clk 0:08:00]} 29. Nxe6 {[%clk 0:03:56]} Kh7
{[%clk 0:07:33]} 30. Ng5+ {[%clk 0:03:12]} Kh6 {[%clk 0:07:42]} 31. Re6+ {[%clk
0:03:30]} g6 {[%clk 0:07:47]} 32. Rxa6 {[%clk 0:03:50]} Rxa6 {[%clk 0:07:50]}
33. Nf7+ {[%clk 0:04:14]} 1-0

[Event "Deutsche Ländermeisterschaft 2014"]
[Site "Hannover GER"]
[Date "2014.10.03"]
[Round "1"]
[White "Khamenya, Vitalia"]
[Black "Von Jan, Lena"]
[Result "1-0"]
[Termination "normal"]
[Board "3.8"]
[WhiteElo "1272"]
[BlackElo "1335"]
[WhiteClock "00:35:45"]
[BlackClock "00:09:03"]
[WhiteTeam "Bayern"]
[BlackTeam "Sachsen"]
[PlyCount "61"]
[WhiteFideId "12959260"]
[BlackFideId "12946060"]
[EventCountry "GER"]
[EventRounds "7"]
[EventType "team-swiss"]
[EventDate "2014.10.02"]

1. e4 {[%clk 1:31:24]} e5 {[%clk 1:31:23]} 2. f4 {[%clk 1:31:49]} d6 {[%clk
1:22:08]} 3. Nf3 {[%clk 1:31:57]} Nc6 {[%clk 1:21:30]} 4. Bc4 {[%clk 1:31:45]}
Be7 {[%clk 1:17:20]} 5. O-O {[%clk 1:30:07]} Nf6 {[%clk 1:16:01]} 6. Nc3 {[%clk
1:29:59]} O-O {[%clk 1:14:44]} 7. Qe1 {[%clk 1:27:34]} Bg4 {[%clk 1:08:50]} 8.
Qg3 {[%clk 1:21:45]} Bc8 {[%clk 1:04:02]} 9. Qf2 {[%clk 1:20:49]} a6 {[%clk
1:00:51]} 10. a3 {[%clk 1:17:57]} Bd7 {[%clk 0:54:01]} 11. d3 {[%clk 1:15:13]}
Qc8 {[%clk 0:44:30]} 12. f5 {[%clk 1:14:44]} Re8 {[%clk 0:39:26]} 13. h3 {[%clk
1:06:12]} Qd8 {[%clk 0:36:49]} 14. Ng5 {[%clk 1:05:08]} Rf8 {[%clk 0:35:59]}
15. Nf3 {[%clk 0:57:02]} Re8 {[%clk 0:34:35]} 16. Kh1 {[%clk 0:54:16]} Bc8
{[%clk 0:30:33]} 17. Rg1 {[%clk 0:51:41]} Bf8 {[%clk 0:28:43]} 18. g4 {[%clk
0:47:12]} b5 {[%clk 0:23:07]} 19. Bb3 {[%clk 0:46:26]} Na5 {[%clk 0:22:05]} 20.
Ba2 {[%clk 0:44:25]} Bb7 {[%clk 0:20:37]} 21. g5 {[%clk 0:44:11]} Nd7 {[%clk
0:18:49]} 22. g6 {[%clk 0:43:56]} Re7 {[%clk 0:15:38]} 23. gxh7+ {[%clk
0:43:53]} Kxh7 {[%clk 0:14:42]} 24. Qh4+ {[%clk 0:43:46]} Kg8 {[%clk 0:14:53]}
25. Bg5 {[%clk 0:42:24]} Rb8 {[%clk 0:10:57]} 26. Bxe7 {[%clk 0:42:02]} Bxe7
{[%clk 0:10:50]} 27. Qh5 {[%clk 0:39:15]} Qe8 {[%clk 0:09:47]} 28. Ng5 {[%clk
0:36:42]} Bxg5 {[%clk 0:09:44]} 29. Qxg5 {[%clk 0:36:01]} Qf8 {[%clk 0:09:14]}
30. f6 {[%clk 0:35:41]} g6 {[%clk 0:09:03]} 31. Qxg6+ {[%clk 0:35:45]} 1-0

[Event "Deutsche Ländermeisterschaft 2014"]
[Site "Hannover GER"]
[Date "2014.10.03"]
[Round "1"]
[White "Mundorf, Johannes"]
[Black "Kneip, Jakob"]
[Result "1/2-1/2"]
[Termination "normal"]
[Board "4.1"]
[WhiteElo "2234"]
[BlackElo "2033"]
[WhiteClock "00:02:54"]
[BlackClock "00:07:11"]
[WhiteTeam "Nordrhein-Westfalen"]
[BlackTeam "Hamburg"]
[PlyCount "167"]
[WhiteFideId "24672491"]
[BlackFideId "12912859"]
[EventCountry "GER"]
[EventRounds "7"]
[EventType "team-swiss"]
[EventDate "2014.10.02"]

1. Nf3 {[%clk 1:30:53]} d5 {[%clk 1:30:52]} 2. g3 {[%clk 1:31:19]} Nf6 {[%clk
1:31:13]} 3. Bg2 {[%clk 1:31:46]} c6 {[%clk 1:31:27]} 4. O-O {[%clk 1:31:55]}
Bg4 {[%clk 1:31:19]} 5. c4 {[%clk 1:32:19]} e6 {[%clk 1:29:47]} 6. d3 {[%clk
1:32:15]} Nbd7 {[%clk 1:29:44]} 7. cxd5 {[%clk 1:31:48]} cxd5 {[%clk 1:29:06]}
8. Nc3 {[%clk 1:29:59]} Be7 {[%clk 1:28:11]} 9. Qb3 {[%clk 1:09:54]} Nc5 {[%clk
1:21:06]} 10. Qc2 {[%clk 1:06:41]} O-O {[%clk 1:08:48]} 11. b4 {[%clk 1:03:06]}
Ncd7 {[%clk 1:03:34]} 12. a3 {[%clk 1:02:25]} a5 {[%clk 0:57:10]} 13. Rb1
{[%clk 1:01:55]} Qc7 {[%clk 0:47:14]} 14. Qb3 {[%clk 1:00:12]} axb4 {[%clk
0:46:10]} 15. axb4 {[%clk 1:00:14]} Bxf3 {[%clk 0:40:24]} 16. Bxf3 {[%clk
1:00:21]} Ne5 {[%clk 0:40:02]} 17. Bg2 {[%clk 0:56:26]} Nc6 {[%clk 0:39:39]}
18. Bd2 {[%clk 0:55:24]} Qb6 {[%clk 0:32:12]} 19. e3 {[%clk 0:32:05]} Ne5
{[%clk 0:22:31]} 20. d4 {[%clk 0:20:40]} Nc4 {[%clk 0:22:34]} 21. Bc1 {[%clk
0:21:01]} Rfc8 {[%clk 0:20:24]} 22. e4 {[%clk 0:19:34]} dxe4 {[%clk 0:17:44]}
23. Nxe4 {[%clk 0:19:56]} Nxe4 {[%clk 0:15:53]} 24. Bxe4 {[%clk 0:20:25]} Nd6
{[%clk 0:16:06]} 25. Bg2 {[%clk 0:18:37]} Qxd4 {[%clk 0:15:03]} 26. Rd1 {[%clk
0:18:13]} Qc4 {[%clk 0:12:37]} 27. Bf4 {[%clk 0:16:44]} Qa6 {[%clk 0:03:53]}
28. Qd3 {[%clk 0:09:42]} Rd8 {[%clk 0:01:20]} 29. Qxa6 Rxa6 {[%clk 0:01:16]}
30. b5 {[%clk 0:10:26]} Rb6 {[%clk 0:00:49]} 31. Bf1 {[%clk 0:10:25]} Nf5
{[%clk 0:00:41]} 32. Bc7 {[%clk 0:10:34]} Rxd1 {[%clk 0:01:01]} 33. Rxd1 {[%clk
0:11:04]} Rd6 {[%clk 0:00:46]} 34. Bxd6 {[%clk 0:11:20]} Nxd6 {[%clk 0:01:13]}
35. Ra1 {[%clk 0:07:30]} g6 {[%clk 0:01:36]} 36. f4 {[%clk 0:05:56]} Bf6 {[%clk
0:01:32]} 37. Ra8+ {[%clk 0:06:13]} Kg7 38. Bd3 {[%clk 0:06:17]} Bd4+ {[%clk
0:01:29]} 39. Kg2 {[%clk 0:06:31]} h5 {[%clk 0:01:29]} 40. Kf3 {[%clk 0:05:36]}
Kf6 {[%clk 0:01:03]} 41. Ra4 {[%clk 0:02:23]} Bc5 {[%clk 0:29:06]} 42. Ra2
{[%clk 0:32:26]} Bd4 {[%clk 0:28:06]} 43. Rd2 {[%clk 0:32:24]} Bc5 {[%clk
0:27:46]} 44. Rd1 {[%clk 0:32:23]} Ke7 {[%clk 0:27:18]} 45. Rc1 {[%clk
0:30:58]} Bb6 {[%clk 0:27:11]} 46. h3 {[%clk 0:27:16]} Kd7 {[%clk 0:23:26]} 47.
Rc2 {[%clk 0:12:47]} Bd4 {[%clk 0:22:16]} 48. Ke2 {[%clk 0:10:43]} Bb6 {[%clk
0:22:15]} 49. Kd2 {[%clk 0:11:02]} Bf2 {[%clk 0:20:21]} 50. g4 {[%clk 0:11:26]}
hxg4 {[%clk 0:20:41]} 51. hxg4 {[%clk 0:11:55]} Bd4 {[%clk 0:20:18]} 52. Ke2
{[%clk 0:11:53]} Bb6 {[%clk 0:20:02]} 53. Kf3 {[%clk 0:12:16]} Bd4 {[%clk
0:20:08]} 54. Rd2 {[%clk 0:10:34]} Bc5 {[%clk 0:17:42]} 55. Rc2 {[%clk
0:10:40]} Bd4 {[%clk 0:17:59]} 56. Rc1 {[%clk 0:07:50]} Bb6 {[%clk 0:17:51]}
57. Rh1 {[%clk 0:08:13]} Bd4 {[%clk 0:16:17]} 58. Rh7 {[%clk 0:08:33]} Kc8
{[%clk 0:14:19]} 59. g5 {[%clk 0:07:30]} Kd8 {[%clk 0:12:03]} 60. Be4 {[%clk
0:05:42]} Ke8 {[%clk 0:11:45]} 61. Bc2 {[%clk 0:05:43]} Kf8 {[%clk 0:11:03]}
62. Bd3 {[%clk 0:05:51]} Kg8 {[%clk 0:11:09]} 63. Rh1 {[%clk 0:05:29]} Kf8
{[%clk 0:11:23]} 64. Rd1 {[%clk 0:05:05]} Bc5 {[%clk 0:11:24]} 65. Kg4 {[%clk
0:05:18]} Ke7 {[%clk 0:11:04]} 66. Rh1 {[%clk 0:05:39]} Bd4 {[%clk 0:11:02]}
67. Rh7 {[%clk 0:04:54]} Kf8 {[%clk 0:11:19]} 68. Rh6 {[%clk 0:05:03]} Bg7
{[%clk 0:10:50]} 69. Rh2 {[%clk 0:05:08]} Bd4 {[%clk 0:10:58]} 70. Rc2 {[%clk
0:05:33]} Bb6 {[%clk 0:10:54]} 71. Ra2 {[%clk 0:05:34]} Bd4 {[%clk 0:10:56]}
72. Ra4 {[%clk 0:05:38]} Bb6 {[%clk 0:10:44]} 73. Ra8+ {[%clk 0:05:06]} Ke7
{[%clk 0:09:45]} 74. Rg8 {[%clk 0:05:23]} Bd4 {[%clk 0:09:21]} 75. Kf3 {[%clk
0:05:16]} Bb2 {[%clk 0:08:14]} 76. Rb8 {[%clk 0:03:48]} Bd4 {[%clk 0:07:56]}
77. Ke2 {[%clk 0:03:59]} Ba7 {[%clk 0:07:52]} 78. Rg8 {[%clk 0:04:04]} Bd4
{[%clk 0:07:51]} 79. Kd2 {[%clk 0:04:31]} Bf2 {[%clk 0:07:02]} 80. Ra8 {[%clk
0:03:52]} Bd4 {[%clk 0:07:08]} 81. Rb8 {[%clk 0:02:55]} Ba7 {[%clk 0:07:26]}
82. Rh8 {[%clk 0:03:16]} Bd4 {[%clk 0:07:44]} 83. Rh7 {[%clk 0:03:40]} Ke8
{[%clk 0:07:11]} 84. Ke2 {[%clk 0:02:54]} 1/2-1/2

[Event "Deutsche Ländermeisterschaft 2014"]
[Site "Hannover GER"]
[Date "2014.10.03"]
[Round "1"]
[White "Spät, Alexander"]
[Black "Hecht, Carsten"]
[Result "0-1"]
[Termination "normal"]
[Board "4.2"]
[WhiteElo "2014"]
[BlackElo "2189"]
[WhiteClock "00:02:11"]
[BlackClock "00:02:47"]
[WhiteTeam "Hamburg"]
[BlackTeam "Nordrhein-Westfalen"]
[PlyCount "64"]
[WhiteFideId "24687693"]
[BlackFideId "24693928"]
[EventCountry "GER"]
[EventRounds "7"]
[EventType "team-swiss"]
[EventDate "2014.10.02"]

1. e4 {[%clk 1:30:57]} c5 {[%clk 1:30:56]} 2. a3 {[%clk 1:31:23]} e6 {[%clk
1:28:32]} 3. Bc4 {[%clk 1:31:32]} Nc6 {[%clk 1:27:37]} 4. d3 {[%clk 1:30:10]}
Nf6 {[%clk 1:26:07]} 5. Nc3 {[%clk 1:30:19]} Be7 {[%clk 1:21:58]} 6. Nge2
{[%clk 1:29:54]} d5 {[%clk 1:19:21]} 7. exd5 {[%clk 1:29:48]} exd5 {[%clk
1:19:43]} 8. Ba2 {[%clk 1:30:08]} O-O {[%clk 1:17:10]} 9. O-O {[%clk 1:28:58]}
d4 {[%clk 1:13:10]} 10. Nb1 {[%clk 1:19:25]} b6 {[%clk 1:06:46]} 11. Ng3 {[%clk
1:13:31]} Qd7 {[%clk 0:57:03]} 12. Nd2 {[%clk 1:10:24]} Bb7 {[%clk 0:54:00]}
13. Nde4 {[%clk 1:09:03]} Rae8 {[%clk 0:33:01]} 14. f4 {[%clk 0:41:13]} Bd8
{[%clk 0:29:10]} 15. Nxf6+ {[%clk 0:35:03]} Bxf6 {[%clk 0:29:23]} 16. Ne4
{[%clk 0:32:15]} Ne7 {[%clk 0:19:44]} 17. Qh5 {[%clk 0:19:03]} Nf5 {[%clk
0:16:36]} 18. g4 {[%clk 0:14:09]} Rxe4 {[%clk 0:14:21]} 19. dxe4 {[%clk
0:14:10]} g6 {[%clk 0:14:38]} 20. Qh3 {[%clk 0:13:51]} Ne3 {[%clk 0:13:51]} 21.
Bxe3 {[%clk 0:10:34]} dxe3 {[%clk 0:14:15]} 22. e5 {[%clk 0:09:13]} e2 {[%clk
0:12:50]} 23. exf6 {[%clk 0:08:38]} Qd4+ {[%clk 0:11:46]} 24. Rf2 {[%clk
0:09:00]} Qd1+ {[%clk 0:12:09]} 25. Rxd1 {[%clk 0:09:06]} exd1=Q+ {[%clk
0:12:33]} 26. Rf1 {[%clk 0:08:50]} Qd4+ {[%clk 0:11:05]} 27. Rf2 {[%clk
0:09:13]} Qxf6 {[%clk 0:11:02]} 28. c3 {[%clk 0:06:32]} Re8 {[%clk 0:05:55]}
29. Bc4 {[%clk 0:05:00]} Re4 {[%clk 0:04:14]} 30. g5 {[%clk 0:03:48]} Qc6
{[%clk 0:03:15]} 31. Bf1 {[%clk 0:02:16]} Re3 {[%clk 0:02:38]} 32. Qg2 {[%clk
0:02:11]} Qc8 {[%clk 0:02:47]} 0-1